Tatort Charaktere - Statistiken

Allgemein
  • Dieses Quiz wurde 13 mal gespielt
  • Das Durchschnittsergebnis liegt bei 32 aus 319
Antwortstatistiken
Stadt Jahr Charakter % Korrekt
Münster 2002- Frank Thiel
67%
München 1991-2026 Franz Leitmayr
67%
Duisburg 1981-1991 Horst Schimanski
67%
München 1991-2026 Ivo Batic
67%
Münster 2002- Karl-Friedrich Boerne
67%
Ludwigshafen 1989- Lena Odenthal
67%
Bremen 1997-2019 Inga Lürsen
58%
Bremen 2001-2019 Nils Stedefreund
58%
Wien 2011-2026 Bibi Fellner
50%
Hannover 2002- Charlotte Lindholm
50%
Köln 1997- Freddy Schenk
50%
Ludwigshafen 1996-2018 Mario Kopper
50%
Düsseldorf 1992-1994 Max Ballauf
50%
Köln 1997- Max Ballauf
50%
Stuttgart 1992-2007 Ernst Bienzle
42%
Konstanz 2002-2016 Klara Blum
42%
Kiel 2003-2025 Klaus Borowski
42%
Wien 1999-2026 Moritz Eisner
42%
Berlin 2015-2022 Nina Rubin
42%
Dortmund 2012- Peter Faber
42%
Stuttgart 2008- Thorsten Lannert
42%
Berlin 2001-2014 Felix Stark
33%
Ludwigshafen 2018- Johanna Stern
33%
Konstanz 2004-2016 Kai Perlmann
33%
Dortmund 2012-2022 Martina Bönisch
33%
Münster 2002-2019 Nadeshda Krusenstern
33%
Hamburg 2013-2020 Nikolas Tschiller
33%
Dresden 2016- Peter Michael Schnabel
33%
Berlin 2015- Robert Karow
33%
Berlin 2023-2026 Susanne Bonard
33%
Berlin 1999-2014 Till Ritter
33%
Saarbrücken 2020- Adam Schürk
25%
Duisburg 1981-1991 Christian Thanner
25%
Köln 1997- Dr. Joseph Roth
25%
Wiesbaden 2010- Felix Murot
25%
Zürich 2020- Isabelle Grandjean
25%
Dortmund 2018-2024 Jan Pawlak
25%
München 2014- Kalli Hammermann
25%
Dresden 2016-2025 Karin Gorniak
25%
Dresden 2019- Leonie Winkler
25%
Bremen 2016- Linda Selb
25%
Bremen 2021- Liv Moormann
25%
Berlin 1975-1977 Martin Schmidt
25%
Kiel 2018- Mila Sahin
25%
Münster 2019- Mirko Schrader
25%
Dresden/Leipzig 1992-2007 M. Kain
25%
Frankfurt am Main 2015-2024 Paul Brix
25%
Saarbrücken 2020- Pia Heinrich
25%
Stuttgart 2008- Sebastian Bootz
25%
Münster 2002- Silke Haller
25%
Zürich 2020- Tessa Ott
25%
Göttingen 2019-2024 Anais Schmitz
17%
Leipzig 2008-2015 Andreas Keppler
17%
Lübeck 1981 Beck
17%
Dresden/Leipzig 1992-2007 Bruno Ehrlicher
17%
Frankfurt am Main 2002-2010 Charlotte Sänger
17%
Frankfurt am Main 2011-2013 Conny Mey
17%
Stuttgart 2008- Dr. Daniel Vogt
17%
Frankfurt am Main 2016-2021 Dr. Lorenz
17%
Wien 1999-2002 Dr. Renata Lang
17%
Mainz 2016-2023 Ellen Berlinger
17%
Nürnberg 2015- Felix Voss
17%
Köln 2000-2014 Franziska Lüttgenjohann
17%
Freiburg/Schwarzwald 2017- Franziska Tobler
17%
Frankfurt am Main 2021-2023 Fred
17%
Freiburg/Schwarzwald 2017- Friedemann Berg
17%
Frankfurt am Main 2002-2010 Friedrich Dellwo
17%
Duisburg 1982-1991 Hänschen
17%
Essen 1974-1980 Heinz Haferkamp
17%
Hamburg 2016-2024 Julia Grosz
17%
Hamburg 2013-2015 Katharina Lorenz
17%
Weimar 2013-2021 Kira Dorn
17%
Hamburg 1997 Lea Sommer
17%
Saarbrücken 2020- Leo Hölzer
17%
Weimar 2013-2021 Lessing
17%
Mainz 2023 Lukas Wagner
17%
Köln 2009- Lydia Rosenberg
17%
Ludwigshafen 2024- Mara Hermann
17%
Wien 1996 Max Becker
17%
Hamburg 1886-1993 Meier
17%
Düsseldorf 1992-1997 Miriam Koch
17%
Dortmund 2012-2020 Nora Dalay
17%
Köln 2018- Norbert Jütte
17%
Bonn/Köln 1971-1973 Paul Kressin
17%
Hamburg 1984-2001 Paul Stoever
17%
Hamburg 1986-2001 Peter Brockmöller
17%
Bern 1993-2002 Phillipp von Burg
17%
Baden-Württemberg 1971-1986 Richard Wagner
17%
Berlin 1999-2000 Robert Hellmann
17%
Dortmund 2021-2026 Rosa Herzog
17%
Hamburg 2013- Thorsten Falke
17%
Wien 1984-1987 Viktor Schulz
17%
Berlin 1975 Wagner
17%
Bremen 1973 Walter Böck
17%
Berlin 1999-2009 Wiegand
17%
Bremerhaven 1982 Wilfried Wilke
17%
Frankfurt am Main 2015-2024 Anna Janneke
8%
Frankfurt am Main 1978-1983 Bergmann
8%
Münster 2002-2003 Bernd Bulle
8%
Düsseldorf 1992-1997 Bernd Flemming
8%
Hamburg 2008-2012 Cenk Batu
8%
Dortmund 2012-2017 Daniel Kossik
8%
Wien 1987-1996 Dorothea Winter
8%
Kiel 2003-2010 Dr. Frieda Jung
8%
Dortmund 2015- Dr. Greta Leitner
8%
Ludwigshafen 1998-2024 Edith Keller
8%
Nürnberg 2025- Emilia Rathgeber
8%
Frankfurt am Main 2011-2015 Erik Seidel
8%
Berlin 1996-1998 Ernst Roiter
8%
Saarbrücken 2020- Esther Baumann
8%
Baden-Württemberg 1971-1986 Eugen Lutz
8%
Leipzig 2008-2015 Eva Saalfeld
8%
Kiel 1971-1978 Finke
8%
Berlin 1981-1985 Friedrich Walther
8%
Köln 2014 Gabi
8%
Köln 1999-2006 Heinz Obst
8%
Bremen 1998 Henning Kraus
8%
Erfurt 2013-2014 Henry Funck
8%
Dortmund 2025- Ira Klasnic
8%
Hamburg 2013-2015 Jan Katz
8%
Saarbrücken 2013-2019 Jens Stellbrink
8%
Berlin 1997-1998 Joachim Huber
8%
Stuttgart 1987-1988 Karin Beisel
8%
München 1987 Karl Scherrer
8%
Saarbrücken 1988-1998 Klaus Schröder
8%
Berlin 2015-2021 Knut Jansen
8%
Saarbrücken 1988 Kraus
8%
Saarbrücken 2013-2019 Lisa Marx
8%
Köln 1997-2000 Lissy Pütz
8%
München 1972-1987 Ludwig Lenz
8%
Berlin 1999-2014 Lutz Weber
8%
Bremen 2021-2023 Mads Andersen
8%
Wiesbaden 2010- Magda Wächter
8%
Wien 1997 Maier
8%
Hamburg 2025- Mario Schmitt
8%
München 1972-1981 Melchior Veigl
8%
Saarbrücken 2017-2019 Mia Emmrich
8%
Köln 2014 Miriam Häslich
8%
Berlin 2023- Nancy Bauer
8%
Köln 2021- Natalie Förster
8%
Ludwigshafen 2003-2007 Patrick Herzog
8%
Nürnberg 2015-2024 Paula Ringelhahn
8%
Hamburg 1970-1982 Paul Trimmel
8%
Ludwigshafen 1998-2024 Peter Becker
8%
Frankfurt am Main 1978-1983 Robert Wegener
8%
Frankfurt am Main 1980 Sander
8%
Stuttgart 2000-2007 Schober
8%
Ludwigshafen 1989-1994 Seidel
8%
Wien 1992-1996 Susanne Kern
8%
Köln 2014-2018 Tobias Reißer
8%
Baden-Baden 1972 Veigl
8%
Nürnberg 2015- Wanda Goldwasser
8%
Köln 1997-2014 Wolfgang von Prinz
8%
Hamburg 2013-2020 Yalcin Gümer
8%
Wien 1984-1996 Adolf Hollocher
0%
Berlin 1991-1995 Alfred Pohl
0%
Frankfurt am Main 1994-2001 Alice Bothe
0%
Berlin 2015-2020 Anna Feil
0%
München 1986 Anton Augenthaler
0%
Frankfurt am Main 2018-2023 Bachmann
0%
Frankfurt am Main 1997-2001 Bertram Marbach
0%
München 1992-2007 Carlo Menzinger
0%
Frankfurt am Main 2002-2010 Christiane von Basedow
0%
München 2014-2016 Christine Lerch
0%
München 2024-2025 Claudia Paulsen
0%
Bonn/Hamburg/Wien 1979-1985 Delius
0%
Stuttgart 1995-2007 Dr. Bernhard Kocher
0%
Ludwigshafen 2015- Dr. Hakan Özcan
0%
Leipzig 2009-2013 Dr. Johannes Reichau
0%
Bremen 2010-2019 Dr. Katzmann
0%
Wien 1985-1992 Dr. Köstling
0%
Wien 1984-1996 Dr. Putner
0%
Saarbrücken 2006-2012 Dr. Rhea Singh
0%
Frankfurt am Main 2002-2010 Dr. Scheer
0%
Leipzig 2008 Dr. Striesow
0%
Bremen 2024- Edda Bingley
0%
Frankfurt am Main 1985-2001 Edgar Brinkmann
0%
Hamburg 2001-2008 Eduard Holicek
0%
Kiel 2026- Elli Krieger
0%
Wien 2005-2026 Ernst Rauter
0%
Berlin 1971-1972 Erwin Kasulke
0%
Dresden 2016-2019 Falko Lammert
0%
Frankfurt am Main 2017-2019 Fosco Cariddi
0%
Frankfurt am Main 2011-2015 Frank Steier
0%
Baden-Baden 1973-1977 Franz Gerber
0%
Saarbrücken 2006-2012 Franz Kappl
0%
Berlin 1991-1995 Franz Markowitz
0%
Wien 2002-2011 Franz Pfurtscheller
0%
Wien 1984-1985 Franz Ullmann
0%
Ludwigshafen 1990-2001 Friedrichs
0%
Mainz 1978-1980 Georg Mewes
0%
Stuttgart 1987-1988 Georg Schreitle
0%
München 1986 Gerda Bleyfuß
0%
München 1987 Gerda Bleyfuß
0%
Saarbrücken 2001-2012 Gerda Braun
0%
München 1986 Gerulf Wislitschek
0%
Saarbrücken 1999-2000 Gregor Blass
0%
Frankfurt am Main 2025- Hamza Kulina
0%
Baden-Baden 1972-1988 Hanne Wingart
0%
Berlin 1985-1989 Hans Georg Bülow
0%
Berlin 2015-2016 Harald Hemrich
0%
Berlin 1976 Hassert
0%
Berlin 1981-1985 Hassert
0%
Wien 1986 Hegner
0%
Hannover 1974-1977 Heinz Brammer
0%
Hannover 1971 Henkel
0%
Frankfurt am Main 2015-2016 Henning Riefenstahl
0%
Dresden 2016-2018 Henni Sieland
0%
Saarbrücken 2020- Henny Wenzel
0%
Wien 1987 Herbert Passini
0%
Hamburg 1970-1974 Höffgen
0%
Hamburg 2013-2020 Holger Petretti
0%
Lübeck 1981 Horst Greve
0%
Saarbrücken 2006-2019 Horst Jordan
0%
Baden-Baden 1972 Horst Pflüger
0%
Saarbrücken 1970-1973 Horst Schäfermann
0%
Frankfurt am Main 2002-2010 Ina Springstub
0%
Hamburg 2013-2016 Ines Kallwey
0%
Dresden 2016-2021 Ingo Mommsen
0%
Wien 1997 Jakob Varassani
0%
Berlin 2019- Jamila Marques
0%
Hamburg 2001-2008 Jan Casstorff
0%
Frankfurt am Main 2006-2008 Jan Gröner
0%
Bremen 1980-1982 Jochen Piper
0%
Erfurt 2013-2014 Johanna Grewel
0%
Frankfurt am Main 2015-2024 Jonas Hauck
0%
Dresden 2021- Jonathan Himpe
0%
München 1972-1981 Josef Brettschneider
0%
Duisburg 1981-1988 Karl Königsberg
0%
München 2015-2017 Karl Maurer
0%
München 2015-2017 Karl Maurer
0%
Bremen 2003-2018 Karlsen
0%
Wien 1990 Katzki
0%
Frankfurt am Main 1981 Knoof
0%
Frankfurt am Main 1971-1977 Konrad
0%
Wien 1984-1986 Kurth Hirth
0%
Baden-Baden 1972 Lambrecht
0%
Mainz 1978-1980 Lamm
0%
Hamburg 1971-1982 Laumen
0%
Frankfurt am Main 1995 Leo Felber
0%
Bremen 2013 Leo Uljanoff
0%
Frankfurt am Main 2013-2014 Linda Dräger
0%
Luzern 2012-2019 Liz Ritschard
0%
Wien 1995-1996 Lou Hareter
0%
Hamburg 1993-1995 Lukas Thorwald
0%
Wien 1986 Lutinsky
0%
Erfurt 2013-2014 Maik Schaffert
0%
Berlin 2021- Malik Aslan
0%
Wien 2012-2020 Manfred Schimpf
0%
Dresden 2016- Maria Magdalena Mohr
0%
Mainz 1978-1980 Marianne Buchmüller
0%
Berlin 2015-2018 Mark Steinke
0%
Bern 1991-2002 Markus Gertsch
0%
Mainz 2017-2023 Martin Rascher
0%
Frankfurt am Main 2025- Maryam Azadi
0%
Hamburg 1984 Matthes
0%
Berlin 1978-1979 Matthias Behnker
0%
Berlin 1985-1989 Matthias Leuschner
0%
München 2014-2025 Matthias Steinbrecher
0%
Saarbrücken 1988-2005 Max Palu
0%
Wien 2017-2026 Meret Schande
0%
Wien 1984-1997 Michael Fichtl
0%
Wien 1987-1996 Michael Hollocher
0%
Nürnberg 2015- Michael Schatz
0%
Berlin 1996-1998 Michael Zorowski
0%
Hannover 1971 Nagel
0%
Berlin 2015-2019 Nasrin Resa
0%
Wien 1986 Navratil
0%
Ludwigshafen 2024- Nico Langenkamp
0%
Stuttgart 2008-2018 Nika Banovic
0%
München 2026- Nikola Buvak
0%
Bremerhaven 1982 Nikolaus Schnorr
0%
Wien 1999-2001 Norbert Dobos
0%
München 1988-1989 Otto Brandenburg
0%
Essen 1980 Paul Enders
0%
Wien 1997 Paul Kant
0%
Saarbrücken 1970-1973 Peter Liersdahl
0%
Hamburg 1972-1982 Petersen
0%
Wien 1986-1988 Pfeifer
0%
Dresden 2022- Phillipp Laupheimer
0%
Dortmund 2012-2015 Prof. Dr. Jonas Zander
0%
Frankfurt am Main 1985 Reinhold Dietze
0%
Bern 1990-1992 Reto Carlucci
0%
Luzern 2011-2019 Reto Flückiger
0%
München 2016- Ritschy Semmler
0%
Hamburg 2020 Robin Pien
0%
Berlin 1971-1972 Roland
0%
Stade 1983 Ronke
0%
Frankfurt am Main 2002-2010 Rudi Fromm
0%
Frankfurt am Main 1984 Rullmann
0%
Heppenheim 1984 Rullmann
0%
Frankfurt am Main 2025- Sandra Schatz
0%
Kiel 2010-2017 Sarah Brandt
0%
Berlin 2022- Sara Taghavi
0%
Nürnberg 2015-2022 Sebastian Fleischer
0%
München 1986 Siegfried Riedmüller
0%
Ludwigshafen 2009-2012 Sonja Römer
0%
Saarbrücken 2001-2012 Stefan Deininger
0%
Wien 2002-2003 Stefanie Geschnitzer
0%
Wien 2012-2026 Stefan Slavik
0%
Bremen 1997-1998 Stefan Stoll
0%
Hamburg 1994-2001 Stefan Struve
0%
Wien 1999-2001 Suza Binder
0%
Düsseldorf 1992-1997 Tejung
0%
Heppenheim 1984 Tetzel
0%
Bremen 1999-2001 Tobias von Sachsen
0%
Hamburg 1997 Udo Verhoff
0%
Frankfurt am Main 2015-2020 Uhlich
0%
Hamburg 2008-2012 Uwe Kohnau
0%
Frankfurt am Main 1980 Verena Kersten
0%
Wien 1971-1987 Viktor Marek
0%
Bern 1990 Walter Howald
0%
Frankfurt am Main 1982 Werner Rolfs
0%
Stade 1983 Wieler
0%
Essen 1974-1980 Willi Kreutzer
0%
Berlin 1975 Wolf
0%
Baden-Baden 1973-1977 Wolfgang Ihle
0%
Leipzig 2008-2015 Wolfgang Menzel
0%
Ludwigshafen 2001-2008 Wolfs
0%
Keine übereinstimmenden Quizze gefunden
Verteilung der Resultate
Anzahl Personen mit jedem Resultat
Perzentil nach korrekt beantworteten Fragen
Ihre Resultats-Entwicklung
Sie haben dieses Quiz noch nicht gespielt